REGIONÁLIS KÜLÖNBSÉGEK ALAKULÁSA MAGYARORSZÁGON –KAPCSOLÓDÁSI PONTOK A GAZDASÁGI TELJESÍTMÉNNYEL ÉS A KERESKEDELMI TENDENCIÁKKAL REGIONAL DISPARITIES IN HUNGARY -LINKS WITH EXTERNAL TRADE TENDENCIES AND ECONOMIC PERFORMANCE
| Szerzők: | |
|---|---|
| Dokumentumtípus: | Cikk |
| Megjelent: |
Budapesti Gazdasági Egyetem
2023
|
| Sorozat: | Multidiszciplináris Kihívások, Sokszínű Válaszok
2023 No. 1 |
| Tárgyszavak: | |
| mtmt: | https://doi.org/10.33565/MKSV.2023.01.02 |
| Kulcsszavak: | Regionális különbségek Konvergencia Életszínvonal Statisztikai mutatók |
| Online Access: | http://publikaciotar.uni-bge.hu/2522 |
MARC
| LEADER | 00000nab a2200000 i 4500 | ||
|---|---|---|---|
| 001 | publ2522 | ||
| 005 | 20260306112846.0 | ||
| 008 | 260306s2023 hu o 000 zxx d | ||
| 022 | |a 2630-886X | ||
| 024 | |a https://doi.org/10.33565/MKSV.2023.01.02 |2 doi | ||
| 040 | |a BGE Publikációtár Repozitórium |b hun | ||
| 100 | 1 | |a Dobó Róbert | |
| 245 | 1 | 0 | |a REGIONÁLIS KÜLÖNBSÉGEK ALAKULÁSA MAGYARORSZÁGON –KAPCSOLÓDÁSI PONTOK A GAZDASÁGI TELJESÍTMÉNNYEL ÉS A KERESKEDELMI TENDENCIÁKKAL |b REGIONAL DISPARITIES IN HUNGARY -LINKS WITH EXTERNAL TRADE TENDENCIES AND ECONOMIC PERFORMANCE |c Dobó Róbert |h [elektronikus dokumentum] |
| 260 | |a Budapesti Gazdasági Egyetem |c 2023 | ||
| 300 | |a 37-54 | ||
| 490 | 0 | |a Multidiszciplináris Kihívások, Sokszínű Válaszok |v 2023 No. 1 | |
| 520 | 3 | |a A tanulmány legfőbb célkitűzése, hogy kimutassa hogyan alakultak 2000 és 2021 között a regionális különbségek Magyarországon. Ehhez a szakirodalomban fellelhető legfontosabb mutatókat alkalmazzák a szerzők: Hoover-index, súlyozott relatív szórás és Theil-index. Az volt a kezdeti feltételezésünk, hogy az egyenlőtlenségek fokozódása és kiegyenlítődése bizonyos korszakokban váltotta egymást, ezt a mutatók eredményei vissza is igazolják. Mindezek mellett azt vizsgáltuk még munkánk során, hogy a területi kiegyenlítődés folyamata vélelmezhetően milyen kapcsolatban van Magyarország nemzetgazdasági, külgazdasági teljesítményével? Ehhez a térséghez viszonyított relatív gazdasági növekedési rés, valamint a kereskedelmi arány és a külkereskedelmi egyenleg mutatóit vettük figyelembe. Azt mutatják eredményeink, hogy a relatíve kedvezőtlen nemzetgazdasági teljesítmény és a relatíve magasabb külkereskedelmi mérleghiány negatív hatást gyakorolt a területi kiegyenlítődésre.A regionális különbségek alakulása és a nemzetgazdasági teljesítmény közötti összefüggések természetesen összetettek és változóak lehetnek. Általában azonban a fejlettebb régiókban magasabb a GDP és az életszínvonal, mint a kevésbé fejlett régiókban.A külkereskedelmi mérleg egyenlege a gyakorlatban szintén befolyásolhatja a regionális különbségeket, mivel a gazdasági tevékenység különböző formái eltérő mértékben függenek a külkereskedelmi áramlásoktól. A gazdaságokban tapasztalható kereslet-és kínálati tényezők változása és az árszintek is befolyásolhatják a kereskedelem és a gazdasági tevékenység eloszlását a régiók között.Általános következtetésként magállapítható, hogy a kedvező nemzetközi kereskedelmi feltételek elősegíthetik a régiók közötti egyenlőbb fejlődést, míg az ezzel ellentétes tendenciák gátolják a gazdasági konvergenciát. | |
| 650 | 4 | |a közgazdaságtudományok | |
| 695 | |a Regionális különbségek | ||
| 695 | |a Konvergencia | ||
| 695 | |a Életszínvonal | ||
| 695 | |a Statisztikai mutatók | ||
| 700 | 1 | |a Pintér Tibor |e aut | |
| 856 | 4 | 0 | |u https://publikaciotar.uni-bge.hu/id/eprint/2522/1/11247-Cikk%20sz%C3%B6veg-54019-1-10-20231002.pdf |z Dokumentum-elérés |